Food, fuel, and fertilizer from organic wastes

This report examines some of the opportunities for the utilization of the organic wastes and residues commonly found in the pooer rural areas of the world.

保存先:
書誌詳細
フォーマット: 図書
言語:Undetermined
出版事項: Washington, D.C. National Academy Press 1981
主題:
タグ: タグ追加
タグなし, このレコードへの初めてのタグを付けませんか!
Thư viện lưu trữ: Trung tâm Học liệu Trường Đại học Cần Thơ
LEADER 00943nam a2200205Ia 4500
001 CTU_138729
008 210402s9999 xx 000 0 und d
020 |c 20 
082 |a 363.7282 
082 |b F686 
245 0 |a Food, fuel, and fertilizer from organic wastes 
245 0 |c report of an ad hoc panel of the Advisory Committee on Technology Innovation, Board on Science and Technology for International Development, Commission on International Relations, National Research Council. 
260 |a Washington, D.C. 
260 |b National Academy Press 
260 |c 1981 
520 |a This report examines some of the opportunities for the utilization of the organic wastes and residues commonly found in the pooer rural areas of the world. 
650 |a Organic wastes,Vòng tuần hoàn rác hữu cơ,Fertilizer,Food,Fuel 
650 |x Recycling 
904 |i Năm 
980 |a Trung tâm Học liệu Trường Đại học Cần Thơ